| 000 | 00423nam a2200169Ia 4500 | ||
|---|---|---|---|
| 001 | 15012 | ||
| 003 | IN-NITTTR | ||
| 005 | 20251114233141.0 | ||
| 008 | 251113s9999||||xx |||||||||||||| ||eng|| | ||
| 040 | _beng | ||
| 040 | _cIN-NITTTR | ||
| 041 | _aeng | ||
| 082 | _a338.642 K527W | ||
| 100 | _aKhandelwal, N. M. | ||
| 245 | 0 |
_aWorking capital management in small scale industries. / _cKhandelwal, N. M. |
|
| 942 |
_2ddc _cBK |
||
| 999 |
_c17647 _d17647 |
||